000 00730cam a2200205 4500
001 WB3707-06
008 000000n2001 000 0 eng u
035 _a(Sirsi) u110912
245 _aCall for accountancy standards action
260 _c2001
490 _aFinancial Times
_v 14 February 2001, 8(1)
520 _aThe EC is proposing a tough new review mechanism for accountancy standards which some national regulators fear could frustrate efforts to create a globally accepted accounting rules.
590 _aWB
650 _aACCOUNTANCY
650 _aEUROPEAN COMMISSION
650 _aEUROPEAN REGULATIONS
650 _aINTERNATIONAL ACCOUNTING STANDARDS
690 _aMANAGEMENT-BUSINESS MANAGEMENT
942 _n0
999 _c66109
_d66109